000 01768cab a2200181 4500
001 L136492
008 070205n2005 000 0 eng u
035 _a(Sirsi) u136492
041 0 _aeng
245 0 0 _aAlliance Spring Co Ltd and others v. The First Secretary of State
_h[electronic resource]
260 _c2005
520 _a[2005] EWCH 15 (Admin), 18 January 2005. Planning permission had been granted for a scheme involving the relocation of a football stadium in North London. Some of the land was not owned by the local authority or football club and a compulsory purchase order was made, the main justification for which was that it was needed to achieve a comprehensive regeneration scheme. The claimants argued that this was not the case and that it was simply devised to satisfy the football club's desire for a new stadium. "Held": it was decided that the local authority was entitled to make use of the football club's desire to have a new stadium to produce and promote a scheme which it regarded as a comprehensive redevelopment of the area in the public interest. There was no precedent for a stadium-led regeneration scheme but the fact that the scheme was led by and to a large extent dependent on a private developer was no reason why it should be rejected. The secretary of state was entitled to conclude that the scheme was intended to achieve a comprehensive and desirable redevelopment of a deprived area and the claimants' application was refused.
650 2 4 _aALLIANCE SPRING CO LTD AND OTHERS V FIRST SECRETARY OF STATE
650 2 4 _aTOWN AND COUNTRY PLANNING ACT 1990 S226
651 4 _aLONDON
856 4 0 _uhttps://www.bailii.org/ew/cases/EWHC/Admin/2005/18.html
_zView the decision free of charge at www.bailii.org...
942 _n0
999 _c78314
_d78314